000 00365nam a2200145Ia 4500
008 140316s9999 xx 000 0 und d
020 _a9788182654631
082 _a814
_bRAV/SW
100 _aRavi,Menon
245 _aSwarnachamaram
260 _aKozhikode
_bMathrubhumi Printing & Publishing Co.Ltd
_c2012
300 _a190
650 _aEssays
942 _2ddc
_cBK
999 _c13731
_d13731